| 000 | 00456cam a2200181ua 4500 | ||
|---|---|---|---|
| 001 | 1427 | ||
| 008 | 110708n ii |||gr||||Z||||||eng | ||
| 040 | _cMAIN | ||
| 082 | _a338.954 | ||
| 100 | 1 |
_aBhattarchayya, Diresh, _eAuthor. |
|
| 245 | 1 |
_aIndias five year plans _cby Dhiresh Bhattacharyya |
|
| 250 | _a3rd. | ||
| 260 |
_aCulcutta: _bUdayan Granthagar,958. |
||
| 300 |
_a154p: _c23cm. |
||
| 653 | _aEconomics | ||
| 653 | _aFive Year plan | ||
| 942 | _cBK | ||
| 999 |
_c1318 _d1318 |
||